| 000 | 02126nam a2200337Ia 4500 | ||
|---|---|---|---|
| 999 |
_c39544 _d39544 |
||
| 001 | 6142 | ||
| 003 | GE_BSU | ||
| 005 | 20250922151703.0 | ||
| 008 | 181216s2013||||ge |||||||||||||| ||geo|| | ||
| 020 | _a9781118071779 | ||
| 040 | _cGE_BSU | ||
| 041 | _ageo | ||
| 080 | _a338.48+796.5 გ-30 | ||
| 100 |
_aგელდნერი, ჩარლზ _95606 |
||
| 245 |
_aტურიზმი = Tourism : _b საფუძვლები. პრაქტიკა. თეორია / _cჩარლზ რ. გელდნერი, ჯ.რ. ბრენტ რითჩი ; მთ. რედ. და პროექტის ხელმძღვ. როსტომ ბერიძე ; ინგლ. თარგმნეს: თამარ სირაძე [და სხვ.] ; ქართ. ტექსტის რედ. ლალი კონცელიძე ; ინგლ. ტექსტის რედ. ხათუნა ბერიძე |
||
| 264 |
_aბათუმი : _bბათუმის შოთა რუსთაველის სახელმწ. უნ-ტის გამ-ბა, _c2013. |
||
| 300 |
_a554 გვ. : _bილ.; _c29 სმ; |
||
| 500 | _a პარალელ. თავფურ. ინგლ. | ||
| 501 | _aლექსიკონი: გვ. 547-552. | ||
| 504 | _aბიბლიოგრ.: გვ. 537-545. | ||
| 653 | _aტურიზმი | ||
| 653 | _a ტურიზმის ეკონომიკა | ||
| 700 |
_a რითჩი, ჯ.რ. ბრენტ _eავტორი _95607 |
||
| 700 |
_aბერიძე, როსტომ _eრედაქტორი _91686 |
||
| 700 |
_aკონცელიძე, ლალი _92058 |
||
| 700 |
_aსირაძე, თამარ _eმთარგმნელი _92314 |
||
| 700 |
_aბერიძე, ხათუნა _eმთარგმ.-რედ. _92372 |
||
| 700 |
_aბერიძე, ნათია _eმთარგმნელი _95440 |
||
| 700 |
_aხახუბია, ნინო და სხვ. _eმთარგმნელი _95608 |
||
| 942 |
_cBK _2udc |
||